000 01138nam a2200337 i 4500
001 6968
003 KOSZ 005
005 20230220112936.0
008 950505s1995 pl f |000 0 pol d
020 _a8390141639
040 _cKOSZ 005
_aKOSZ 005
_dKOSZ 005/HR
041 0 _apol
046 _k1995
080 _a004.42
100 1 _aLeśniak, Anna
_eAutor
245 1 0 _aMakropolecenia Excel 4.0 i 5.0 :
_bmechanizmy tworzenia, konstruowanie własnych bibliotek, projektowanie aplikacji, przykłady zastosowań /
_cAnna Leśniak.
260 _aŁódź :
_b"Broker",
_c1995.
300 _a294 s. ;
_c24 cm +
_edyskietka 3,5.
336 _2rdacontent
_aTekst
_btxt
337 _2rdamedia
_aBez urządzenia pośredniczącego
_bn
338 _2rdacarrier
_aWolumin
_bnc
380 _aKsiążki
388 _a1901-2000
388 _a1989-2000
504 _aBibliogr. s. 294.
650 4 _aArkusz kalkulacyjny
650 4 _aExcel
658 _aInformatyka i technologie informacyjne
856 _uhttp://koha.tu.koszalin.pl/cgi-bin/koha/opac-detail.pl?biblionumber=6968
_yKatalog online BPK
942 _cKS
_2UKD
999 _c6968
_d6968